| 000 | 01338nam a2200373 a 4500 | ||
|---|---|---|---|
| 001 | 77320 | ||
| 003 | BD-RjUL | ||
| 005 | 20211209082946.0 | ||
| 008 | 200312s1994 nyuab j 001 0deng | ||
| 020 |
_a0590493663 (recycled paper) : _c$16.95 |
||
| 035 | _a(BD-RjUL)77545 | ||
| 040 |
_aDLC _cDLC _dDLC _dBD-RjUL _beng |
||
| 041 | _aeng | ||
| 042 | _alcac | ||
| 043 | _an-us--- | ||
| 082 | 0 | 0 |
_a973.099 _220 _bRUS 2001 |
| 100 | 1 |
_aRubel, David. _965361 |
|
| 245 | 1 | 0 |
_aScholastic encyclopedia of the presidents and their times / _cDavid Rubel. |
| 250 | _aUpdated 2001 | ||
| 260 |
_aNew York : _bScholastic Reference, _cc2001. |
||
| 300 |
_avii, 216 p. : _bill. (some col.), col. maps ; _c28 cm. |
||
| 500 | _a"An Agincourt Press book." | ||
| 500 | _aIncludes index. | ||
| 650 | 0 |
_aPresidents _zUnited States _vEncyclopedias, Juvenile. _9240863 |
|
| 650 | 1 |
_aPresidents _zUnited States _vEncyclopedias. _9240864 |
|
| 651 | 0 |
_aUnited States _xHistory _vEncyclopedias, Juvenile. _9240865 |
|
| 651 | 0 |
_aUnited States _xPolitics and government _vEncyclopedias, Juvenile. _9240866 |
|
| 651 | 1 |
_aUnited States _xHistory _vEncyclopedias. _9240867 |
|
| 651 | 1 |
_aUnited States _xPolitics and government _vEncyclopedias. _9240868 |
|
| 710 | 2 |
_aScholastic Inc. _9240869 |
|
| 942 |
_2ddc _cBK |
||
| 999 |
_c77320 _d77320 |
||